01511 a2200229 45000010006000000050017000060080041000230030015000640400040000790800053001192450017001720200022001892500011002112640046002223000026002685050800002940410008010941000020011027000030011227000030011528560099011822441120260407155528.0260407a1998 arg spa dAR-UNSa-BCEJYS aAR-UNSa-BCEJYSbspacAR-UNSa-BCEJYS a517.1xIntroducción al análisis. (Cálculo)10aEl cálculo a978-970-613-182-9 a7a. ed 1aMéxico :bOxford University Pressc1998 axxiv, 1360 p.c23 cm. a1. Funciones, límites y continuidad - 2. Derivadas y diferenciación - 3. Comportamiento de las funciones y de sus gráficas, valores extremos y aproximaciones - 4. Integral definida e integración - 5. Funciones logarítmicas, exponenciales, trigonométricas inversas e hiperbólicas - 6. Aplicaciones adicionales de la integral definida - 7. Técnica de integración, formas indeterminadas e integrales impropias - 8. Aproximaciones polinomiales, sucesiones y series infinitas - 9. Ecuaciones paramétricas, curvas planas y gráficas polares - 10. Vectores, rectas, planos y superficies en el espacio - 11. Funciones vectoriales - 12. Cálculo diferencial de funciones de más de una variable - 13. Integración múltiple - 14. Introducción al cálculo de campos vectoriales aspa1 aLeithold, Louis1 aMata González, Fidencio1 aPatiño Román, Claudia41uhttps://www.biblioeco.unsa.edu.ar/pmb/images/libros/L117666.jpgyImagen de portadaqimage/jpeg